Atlas of interventional orthopedics procedures : (Record no. 172420)
[ view plain ]
| 000 -LEADER | |
|---|---|
| fixed length control field | 01128nam a22002898i 4500 |
| 001 - CONTROL NUMBER | |
| control field | 020362266 |
| 003 - CONTROL NUMBER IDENTIFIER | |
| control field | Uk |
| 005 - DATE AND TIME OF LATEST TRANSACTION | |
| control field | 20250926120750.0 |
| 008 - FIXED-LENGTH DATA ELEMENTS--GENERAL INFORMATION | |
| fixed length control field | 211005s2021 ne a 000|0|eng|d |
| 020 ## - INTERNATIONAL STANDARD BOOK NUMBER | |
| International Standard Book Number | 9780323755146 (hardback.) : |
| 040 ## - CATALOGING SOURCE | |
| Original cataloging agency | StDuBDS |
| Language of cataloging | eng |
| Transcribing agency | NUST |
| Description conventions | rda |
| Modifying agency | NUST |
| 050 ## - LIBRARY OF CONGRESS CALL NUMBER | |
| Classification number | RC9257 WIL |
| 245 00 - TITLE STATEMENT | |
| Title | Atlas of interventional orthopedics procedures : |
| Remainder of title | essential guide for fluoroscopy and ultrasound guided procedures / |
| Statement of responsibility, etc. | edited by Christopher J. Williams. |
| 260 ## - PUBLICATION, DISTRIBUTION, ETC. | |
| Place of publication, distribution, etc. | London : |
| Name of publisher, distributor, etc. | Elsevier , |
| Date of publication, distribution, etc. | ©2023. |
| 300 ## - PHYSICAL DESCRIPTION | |
| Extent | xx, 634 papers : |
| Other physical details | illustrations (black and white, and colour) ; |
| Dimensions | 28 cm |
| 336 ## - CONTENT TYPE | |
| Content type term | text |
| Source | rdacontent |
| Content type code | txt |
| 337 ## - MEDIA TYPE | |
| Media type term | unmediated |
| Source | rdamedia |
| Media type code | n |
| 338 ## - CARRIER TYPE | |
| Carrier type term | volume |
| Source | rdacarrier |
| Carrier type code | nc |
| 504 ## - BIBLIOGRAPHY, ETC. NOTE | |
| Bibliography, etc. note | Includes bibliographical references and index |
| 650 #0 - SUBJECT ADDED ENTRY--TOPICAL TERM | |
| Topical term or geographic name entry element | Musculoskeletal system |
| General subdivision | Diseases |
| -- | Ultrasonic imaging. |
| 650 #0 - SUBJECT ADDED ENTRY--TOPICAL TERM | |
| Topical term or geographic name entry element | Musculoskeletal system |
| General subdivision | Radiography. |
| 650 #0 - SUBJECT ADDED ENTRY--TOPICAL TERM | |
| Topical term or geographic name entry element | Orthopedic surgery. |
| 700 1# - ADDED ENTRY--PERSONAL NAME | |
| Personal name | Williams, Christopher J., |
| Relator term | editor. |
| 700 1# - ADDED ENTRY--PERSONAL NAME | |
| Personal name | Sussman, Walter, |
| Relator term | editor. |
| 700 1# - ADDED ENTRY--PERSONAL NAME | |
| Personal name | Pitts, John, |
| Relator term | editor. |
| 942 ## - ADDED ENTRY ELEMENTS (KOHA) | |
| Source of classification or shelving scheme | Library of Congress Classification |
| Suppress in OPAC | No |
| Koha item type | Ordinary Loan Books |
| Classification part | RC9257WIL |
| Call number prefix | RC |
| Call number suffix | WIL |
| Withdrawn status | Lost status | Source of classification or shelving scheme | Damaged status | Not for loan | Collection | Home library | Current library | Shelving location | Date acquired | Source of acquisition | Cost, normal purchase price | Total Checkouts | Full call number | Barcode | Date last seen | Accession number | Cost, replacement price | Price effective from | Koha item type | Public note |
|---|---|---|---|---|---|---|---|---|---|---|---|---|---|---|---|---|---|---|---|---|
| LCC | NFIC | Medical | Medical | GEN | 09/23/2025 | Book Aid International | 88.00 | RC9257WIL | 92004056684 | 09/23/2025 | 62379 | 88.00 | 09/23/2025 | BOOKS | Donation |